Žľabový diel na ohreblový dopravník. B 65G 19/28

Bibliographic Details
Format: Book
Language:Undetermined
PhysicalDescription:8 s.
Published: Bratislava Úrad priemyselného vlastníctva SR 1998

MARC

LEADER 00000nam a2200000 a 4500
001 vtls001334656
003 SK-MaSNL
005 20260224110701.0
008 180126sm y0 xo 0 und
035 |a SNK000287609 
040 |a SNK  |b slo  |c SNK  |e AACR2 
044 |a xo  |c SK 
245 1 |a Žľabový diel na ohreblový dopravník. B 65G 19/28 
260 |a Bratislava  |b Úrad priemyselného vlastníctva SR  |c 1998 
300 |a 8 s. 
999 |c 976572  |d 978502 
952 |t P60, <04>, [BOOK], {604}  |a SNK  |b SNK  |y VYP  |7 0  |p 17A0138969  |o snkSK 278734  |i snkPS 255/98  |0 0  |1 0  |4 0  |d 1998-06-17  |l 0  |r 2005-01-02 00:00:00  |w 2026-02-24